000 00651nam a2200193 a 4500
001 1931
003 CO-ViMGA
008 141112s2004 ck r 000 u spa d
040 _aCO-ViMGA
_bspa
_cCO-ViMGA
082 0 4 _a150 H155
100 1 _aHaller Gilmer, B. Von
_950541
245 1 0 _aPsicologia general
250 _a2a
260 _aMexico :
_bHarla,
_c1974
300 _a485 p : il
505 _aLa psicología y el individuo 3 - - Aspectos biológicos de la conducta 89 - - El dinamismo de la conducta 195 - - Aspectos sociales de la conducta 312 - - El comportamiento y el medio ambiente 379
650 1 4 _aPSICOLOGIA
_95002
942 _2ddc
_cBK
999 _c14082
_d14082